000 00285nam a22001337a 4500
008 210511b ||||| |||| 00| 0 eng d
041 _aeng
080 _a82
082 _a82
100 _a21
101 _aGJL
245 _aMore Stories to Remember
_cCostain,Th.B
942 _2udc
_cBK
999 _c57143
_d57143